| 000 | 00363nam a22001337a 4500 | ||
|---|---|---|---|
| 008 | 250403b |||||||| |||| 00| 0 eng d | ||
| 020 | _a9839553941 | ||
| 050 |
_aHG230 _b.F45 |
||
| 100 | _aFELIX-Fres Marial | ||
| 245 | _aPublic sector and Monotary Policy in the Seacan Countries | ||
| 260 |
_aNIL _bThe south East Asian _c1992 |
||
| 300 | _axxv, 431p. | ||
| 942 | _cBK | ||
| 999 |
_c2814 _d2814 |
||